| 000 | 00506 a2200181 4500 | ||
|---|---|---|---|
| 003 | NUST | ||
| 005 | 20220206162250.0 | ||
| 008 | 220206b ||||| |||| 00| 0 eng d | ||
| 038 | _aA | ||
| 082 | _a332.10941 | ||
| 100 |
_aState Bank of Pakistan. _988849 |
||
| 245 |
_aFinancial Stability Review. _bFirst Half 2011. _cState Bank of Pakistan. |
||
| 260 |
_aPakistan. _bState Bank of Pakistan. _c2009-2011. |
||
| 300 | _a110p. | ||
| 500 | _aPaper cover | ||
| 563 | _aP.B | ||
| 942 |
_cBK _k332.10941 SBP _2ddc |
||
| 999 |
_c349189 _d349189 |
||